| 000 | 01446nam a2200373Ia 4500 | ||
|---|---|---|---|
| 001 | 9780203113684 | ||
| 003 | BD-DhSAU | ||
| 005 | 20151012151717.0 | ||
| 006 | m|||||o||d|||||||| | ||
| 007 | cr|||| | ||
| 008 | 140619s2013 nyuad ob 001 0 eng d | ||
| 020 | _a9780203113684 (e-book : PDF) | ||
| 040 |
_aBD-DhSAU _cBD-DhSAU |
||
| 090 |
_aHF1106 _b.I584 2013 |
||
| 092 |
_a650.0711 _bI586 |
||
| 245 | 0 | 0 |
_aInnovative business school teaching _h[electronic resource] : _bengaging the millennial generation / _cedited by Elaine Doyle, Patrick Buckley and Conor Carroll. |
| 250 | _a1st ed. | ||
| 260 |
_aNew York : _bRoutledge, _c2013. |
||
| 300 |
_axi, 225 p. : _bill. |
||
| 490 | 1 |
_aRoutledge advances in management and business studies ; _v56 |
|
| 504 | _aIncludes bibliographical references and index. | ||
| 505 | 0 | _apt. 1. Large group teaching -- pt. 2. Dynamic learning environments -- pt. 3. Critical thinking -- pt. 4. Ethical citizenship. | |
| 530 | _aAlso available in print edition. | ||
| 538 | _aMode of access: World Wide Web. | ||
| 650 | 0 | _aBusiness education. | |
| 650 | 0 | _aBusiness schools. | |
| 655 | 7 |
_aElectronic books. _2lcsh |
|
| 700 | 1 | _aDoyle, Elaine. | |
| 700 | 1 | _aBuckley, Patrick. | |
| 700 | 1 | _aCarroll, Conor. | |
| 776 | 1 | _z9780415533997 (hardback) | |
| 830 | 0 |
_aRoutledge advances in management and business studies ; _v56. |
|
| 856 | 4 | 0 | _uhttp://www.tandfebooks.com/isbn/9780203113684 |
| 999 |
_c12349 _d12348 |
||